<?xml version="1.0" encoding="UTF-8"?>
<record
    xmlns:xsi="http://www.w3.org/2001/XMLSchema-instance"
    xsi:schemaLocation="http://www.loc.gov/MARC21/slim http://www.loc.gov/standards/marcxml/schema/MARC21slim.xsd"
    xmlns="http://www.loc.gov/MARC21/slim">

  <leader>00689nam a22001937a 4500</leader>
  <controlfield tag="005">20180803165508.0</controlfield>
  <controlfield tag="008">131107b2005    ck ||||| |||| 00| 0 spa d</controlfield>
  <datafield tag="041" ind1=" " ind2=" ">
    <subfield code="a">spa</subfield>
  </datafield>
  <datafield tag="044" ind1=" " ind2=" ">
    <subfield code="a">ck</subfield>
  </datafield>
  <datafield tag="090" ind1=" " ind2=" ">
    <subfield code="a">IAVH</subfield>
    <subfield code="b">01441</subfield>
  </datafield>
  <datafield tag="100" ind1=" " ind2=" ">
    <subfield code="a">Arcos Dorado- Adriana Lucia</subfield>
    <subfield code="9">2367</subfield>
  </datafield>
  <datafield tag="245" ind1=" " ind2=" ">
    <subfield code="a">Desarrollo del biocomercio en la regi&#xF3;n Amaz&#xF3;nica colombiana</subfield>
    <subfield code="b">Informe final</subfield>
  </datafield>
  <datafield tag="260" ind1=" " ind2=" ">
    <subfield code="a">Bogota</subfield>
    <subfield code="b">Instituto  de Investigaci&#xF3;n de Recursos Biol&#xF3;gicos Alexander von Humboldt</subfield>
    <subfield code="c">2005</subfield>
  </datafield>
  <datafield tag="300" ind1=" " ind2=" ">
    <subfield code="a">92 p.</subfield>
    <subfield code="c">28 cm</subfield>
  </datafield>
  <datafield tag="500" ind1=" " ind2=" ">
    <subfield code="a">Dar a conocer los resutados del proyecto biocomercio en la amazonia colombiana.</subfield>
  </datafield>
  <datafield tag="650" ind1=" " ind2=" ">
    <subfield code="a">Biocomercio</subfield>
    <subfield code="9">92419</subfield>
  </datafield>
  <datafield tag="650" ind1=" " ind2=" ">
    <subfield code="a">Frutas</subfield>
    <subfield code="z">Amazonia colombiana</subfield>
    <subfield code="9">6372</subfield>
  </datafield>
  <datafield tag="942" ind1=" " ind2=" ">
    <subfield code="2">z</subfield>
    <subfield code="c">Impreso</subfield>
  </datafield>
  <datafield tag="999" ind1=" " ind2=" ">
    <subfield code="c">7745</subfield>
    <subfield code="d">7745</subfield>
  </datafield>
  <datafield tag="952" ind1=" " ind2=" ">
    <subfield code="0">0</subfield>
    <subfield code="1">0</subfield>
    <subfield code="2">z</subfield>
    <subfield code="4">0</subfield>
    <subfield code="7">0</subfield>
    <subfield code="8">HUMBOLDT</subfield>
    <subfield code="I">INV2017</subfield>
    <subfield code="a">Bogota</subfield>
    <subfield code="b">Bogota</subfield>
    <subfield code="d">2013-11-07</subfield>
    <subfield code="l">1</subfield>
    <subfield code="o">IAVH-01441</subfield>
    <subfield code="p">059524</subfield>
    <subfield code="r">2024-08-09 00:00:00</subfield>
    <subfield code="s">2019-02-20</subfield>
    <subfield code="t">Ej. 1</subfield>
    <subfield code="w">2013-11-07</subfield>
    <subfield code="x">Dep&#xF3;sito Institucional</subfield>
    <subfield code="y">INFORME</subfield>
  </datafield>
</record>
